[Event "5th EKA IIFL Investment 2019"]
[Site "Mumbai"]
[Date "2020.01.01"]
[Round "3.15"]
[White "Stupak, Kirill"]
[Black "Rathnakaran, K.."]
[Result "1-0"]
[WhiteElo "2529"]
[BlackElo "2322"]
[Annotator "TA"]
[PlyCount "77"]
[EventDate "2019.12.30"]
[EventType "swiss"]
[EventCountry "IND"]
[SourceTitle "playchess.com"]
[Source "ChessBase"]
[SourceQuality "1"]

{[%evp 17,77,66,68,72,115,93,92,100,97,94,113,108,122,133,183,70,150,34,93,75,31,29,136,132,131,153,150,134,168,135,493,320,402,393,376,386,381,363,363,354,451,446,465,412,368,298,468,459,452,455,429,434,581,545,550,542,524,491,576,577,657,510]} 1. d4 Nf6 2. c4 g6 3. Nc3 Bg7 4. e4 d6 5. f3 O-O 6. Nge2 e5 7. Be3 Nbd7 8. Qd2 a6 9. d5 Rb8 10. g4 {E85: King's Indian: Sämisch: 6...e5} (10. Nc1 Nh5 11. Nd3 f5 12. O-O-O Ndf6 13. Be2 Qe8 14. c5 fxe4 15. fxe4 Nf4 16. Bf3 Ng4 17. Bxg4 Bxg4 {0-1 (33) Aloma Vidal,R (2431)-Almasi,Z (2717) Caleta 2012}) 10... b5 11. cxb5 axb5 12. Ng3 $1 {White is better.} b4 13. Na4 $146 ({Predecessor:} 13. Nd1 Nc5 14. Nf2 Bd7 15. h4 c6 16. dxc6 Bxc6 17. h5 Qa5 18. hxg6 {1-0 (25) Kolarov,A-Karastoichev,E Sofia 1959}) 13... Re8 14. b3 Nf8 15. Nb2 h5 16. g5 ({White should play} 16. gxh5 $18 Nxh5 17. Nxh5 gxh5 18. Rg1) 16... N6h7 (16... Nxd5 $1 $14 17. Qxd5 (17. exd5 e4 $14) 17... h4) 17. Nd3 (17. h4 $16) 17... f5 ({Better is} 17... h4 $14) 18. gxf6 $1 $16 Qxf6 19. Rg1 h4 {[#]} (19... Qxf3 $11 20. Be2 Qf7) 20. Nh1 $1 Qxf3 {[#]} 21. Nhf2 $1 c5 22. dxc6 d5 23. Rc1 {Strongly threatening exd5.} dxe4 $2 {[%mdl 8192]} (23... d4 $16 24. Bh6 Bxh6 25. Qxh6 Qf6) 24. Nc5 Rd8 25. Bc4+ Kh8 26. Qe2 Ra8 27. c7 Qxe2+ 28. Bxe2 Re8 {If Black can now play ...Nf6 this consolidates a bit.} 29. Nfxe4 Rxa2 30. Nd6 Re7 31. Na4 ({Don't play} 31. Nxc8 Rxc7 32. Nd6 Nf6 $18) 31... Be6 (31... Ne6 $142 32. Nxc8 Rxc7 33. Rxc7 (33. Rxg6 Rxc1+ 34. Bxc1 Ra1 $16) 33... Nxc7) 32. Bg4 {White is clearly winning.} Rxc7 33. Rxc7 Bxb3 34. Nc5 Bg8 35. Nf7+ Bxf7 36. Rxf7 Nf6 37. Bf3 Rc2 38. Rb7 Rc4 39. Na4 {Accuracy: White = 69%, Black = 24%.} 1-0

[Event "5th EKA IIFL Investment 2019"]
[Site "Mumbai"]
[Date "2020.01.01"]
[Round "3.16"]
[White "Rios, Cristhian Camilo"]
[Black "Samant, Aditya S"]
[Result "1/2-1/2"]
[WhiteElo "2505"]
[BlackElo "2309"]
[Annotator "TA"]
[PlyCount "49"]
[EventDate "2019.12.30"]
[EventType "swiss"]
[EventCountry "IND"]
[SourceTitle "playchess.com"]
[Source "ChessBase"]
[SourceQuality "1"]

{[%evp 9,49,7,36,28,29,26,30,25,20,26,28,23,33,39,57,37,59,27,42,0,0,-19,-5,-4,-1,-27,-32,-35,-28,-26,0,0,0,0,0,0,0,0,0,0,0,0]} 1. Nf3 Nf6 2. c4 e6 3. Nc3 Bb4 4. Qc2 b6 5. e4 (5. a3 Bxc3 6. Qxc3 Bb7 7. b4 O-O 8. Bb2 d6 9. e3 e5 10. Be2 Ne4 11. Qc2 Ng5 12. Qf5 Nxf3+ 13. Bxf3 Bxf3 14. Qxf3 Nd7 15. Qc6 Nf6 16. f4 Qd7 17. Qxd7 Nxd7 18. fxe5 Nxe5 19. Bxe5 dxe5 {½-½ (28) Svidler,P (2741)-Navara,D (2706) Prague 2012}) 5... Bxc3 6. bxc3 {A17: English Opening: 1...Nf6 with ...Bb4} d6 7. d3 $146 ({Predecessor:} 7. g3 Bb7 8. d3 O-O 9. Bg2 Nbd7 10. O-O Re8 11. a4 a5 12. Nd4 d5 13. cxd5 exd5 {1-0 (36) Zhou,J (2635)-Toufighi,H (2478) Subic Bay 2009}) 7... O-O 8. g3 {White has an edge.} e5 9. Bg2 a6 10. a4 Bb7 11. O-O Nbd7 12. Ng5 h6 13. Nh3 Bc6 14. f4 (14. d4 $14) 14... b5 $11 15. d4 bxc4 16. fxe5 dxe5 17. Ba3 Re8 {White must now prevent ...exd4.} 18. d5 Bb7 19. Rfb1 Qc8 20. a5 {The position is equal.} c6 {[%cal Rc6d5]} 21. Qb2 Ra7 {[%cal Rc6d5]} 22. Qf2 Ra8 {[%cal Rc6d5]} 23. Qb2 Ra7 {[%cal Rc6d5]} 24. Qf2 Ra8 {[%cal Rc6d5]} 25. Qb2 {Accuracy: White = 67%, Black = 58%.} 1/2-1/2

[Event "5th EKA IIFL Investment 2019"]
[Site "Mumbai"]
[Date "2020.01.01"]
[Round "3.17"]
[White "Krishnater Kushager"]
[Black "Yudin, Sergei"]
[Result "0-1"]
[WhiteElo "2308"]
[BlackElo "2497"]
[Annotator "TA"]
[PlyCount "44"]
[EventDate "2019.12.30"]
[EventType "swiss"]
[EventCountry "IND"]
[SourceTitle "playchess.com"]
[Source "ChessBase"]
[SourceQuality "1"]

{[%evp 16,44,39,30,29,30,28,31,33,35,40,17,21,-45,-50,-81,-87,-86,-104,-133,-116,-248,-240,-372,-304,-299,-271,-273,-293,-349,-359]} 1. e4 d6 2. d4 Nf6 3. Nc3 e5 4. Nf3 Nbd7 5. Bc4 Be7 6. O-O O-O 7. a4 a5 8. Re1 c6 9. h3 Nb6 {C41: Philidor Defence} 10. Bf1 (10. Ba2 Nfd7 11. Be3 exd4 12. Bxd4 Nc5 13. Bxc5 dxc5 14. Qe2 Qd6 15. Rad1 Qg6 16. Ne5 Qg5 17. Nf3 Qg6 18. Ne5 Qg5 19. Nf3 Qg6 20. Ne5 Qg5 {½-½ (20) Fressinet,L (2650)-Ponomariov,R (2663) Germany 2019}) 10... exd4 11. Nxd4 d5 {White is slightly better.} 12. e5 Ne8 13. Bd3 g6 14. f4 $146 ({Better is} 14. Nb1 $11) ({Predecessor:} 14. Bh6 Ng7 15. Qf3 f6 16. e6 f5 17. Rad1 {½-½ (27) Melamed,T (2381)-Majdan,J (2380) Germany 2019}) 14... f6 $15 15. e6 {[#]} f5 $1 16. g4 {[%cal Rg4f5]} Ng7 17. gxf5 {[#]} c5 $1 {[%cal Rc5d4]} 18. fxg6 (18. Nf3 $17 {is a better defense.} c4 19. Bf1) 18... cxd4 $19 19. gxh7+ Kh8 20. Nb5 {Black has a decisive advantage.} Bxe6 21. Qf3 Bc5 22. b3 Qh4 {[%mdl 64] Double Attack. Accuracy: White = 32%, Black = 100%.} 0-1

[Event "5th EKA IIFL Investment 2019"]
[Site "Mumbai"]
[Date "2020.01.01"]
[Round "3.18"]
[White "Krishna C R G"]
[Black "Saurabh Anand"]
[Result "1-0"]
[WhiteElo "2459"]
[BlackElo "2269"]
[Annotator "TA"]
[PlyCount "35"]
[EventDate "2019.12.30"]
[EventType "swiss"]
[EventCountry "IND"]
[SourceTitle "playchess.com"]
[Source "ChessBase"]
[SourceQuality "1"]

{[%evp 9,35,0,0,-29,-31,-50,-52,-48,-33,-22,-28,-67,-39,-45,-26,-37,-32,-46,0,0,41,23,43,0,0,-15,0,-2]} 1. c4 e6 2. g3 d5 3. Nf3 Nf6 4. Bg2 dxc4 5. O-O c6 (5... a6 6. Qc2 Nbd7 7. a4 Nb6 8. a5 Nbd5 9. Qxc4 b5 10. axb6 cxb6 11. Nc3 Bb7 12. d4 b5 13. Qb3 Be7 {½-½ (67) Adhiban,B (2695)-Jumabayev,R (2602) Makati 2018}) 6. Na3 {A13: English Opening: 1...e6} b5 7. b3 cxb3 8. Qxb3 {Black is slightly better.} Be7 9. Ne5 Nd5 10. Bb2 O-O 11. Rac1 $146 ({Predecessor:} 11. Rfc1 Bb7 12. Nc2 Nd7 13. Nxd7 Qxd7 {0-1 (40) Goric,E (2361)-Kragelj,I (2264) Rijeka 2001}) 11... Bb7 12. d4 a5 13. Rfd1 b4 {[#] Threatens to win with ...a4.} 14. Nac4 Ra6 15. e4 {[%mdl 1024] White has compensation.} Nf6 16. Ne3 Nbd7 17. Nd3 Qa8 18. Nc5 {[%mdl 32768] Accuracy: White = 53%, Black = 45%. . Loss on time!?} 1-0

[Event "5th EKA IIFL Investment 2019"]
[Site "Mumbai"]
[Date "2020.01.01"]
[Round "3.19"]
[White "Pranesh, M."]
[Black "Shyaamnikhil P"]
[Result "1-0"]
[WhiteElo "2317"]
[BlackElo "2455"]
[Annotator "RC"]
[PlyCount "67"]
[EventDate "2019.12.30"]
[EventType "swiss"]
[EventCountry "IND"]
[SourceTitle "playchess.com"]
[Source "ChessBase"]
[SourceQuality "1"]
[TimeControl "40/5400+30:1800+30"]

1. e4 {[%emt 0:00:00]} c5 {[%emt 0:00:00]} 2. Nf3 {[%emt 0:00:00]} d6 {[%emt 0:00:38]} 3. d4 {[%emt 0:00:00]} cxd4 {[%emt 0:00:07]} 4. Nxd4 {[%emt 0:00:00]} Nf6 {[%emt 0:00:06]} 5. Nc3 {[%emt 0:00:00]} a6 {[%emt 0:00:11]} 6. Bg5 {[%emt 0:00:00]} Nbd7 {[%emt 0:04:26]} 7. Bc4 {[%emt 0:00:07]} h6 {[%emt 0:06:09]} 8. Bxf6 {[%emt 0:00:54]} Nxf6 {[%emt 0:00:19]} 9. Qe2 {[%emt 0:01:41]} e5 {[%emt 0:08:40]} 10. Nf3 {[%emt 0:02:07]} Be6 {[%emt 0:01:48]} 11. Bxe6 {[%emt 0:03:16]} fxe6 {[%emt 0:00:15]} 12. Nh4 {[%emt 0:00:43]} g5 {[%emt 0:08:00]} 13. Ng6 {[%emt 0:01:11]} Rg8 {[%emt 0:00:15]} 14. Nxf8 {[%emt 0:00:26]} Rxf8 {[%emt 0:00:08]} 15. h4 {[%emt 0:02:44]} g4 {[%emt 0:01:37]} 16. O-O-O {[%emt 0:00:47]} h5 {[%emt 0:02:04]} 17. Qd2 {[%emt 0:01:23]} Ke7 {[%emt 0:10:24]} 18. f4 {[%emt 0:02:49]} gxf3 {[%emt 0:03:24]} 19. gxf3 {[%emt 0:00:44]} Rc8 {[%emt 0:00:10]} 20. Rhg1 {[%emt 0:03:36]} Rf7 {[%emt 0:01:23]} 21. f4 {[%emt 0:01:46]} exf4 {[%emt 0:10:23]} 22. Qxf4 {[%emt 0:01:10]} Rc5 {[%emt 0:00:07]} 23. Rgf1 {[%emt 0:12:18]} b5 {[%emt 0:15:43]} 24. Kb1 {[%emt 0:08:05]} Re5 {[%emt 0:06:19]} 25. a3 {[%emt 0:03:28]} Qb6 {[%emt 0:08:31]} 26. Rd3 {[%emt 0:03:28]} a5 {[%emt 0:00:57]} 27. Rdf3 {[%emt 0:02:30]} b4 {[%emt 0:00:23]} 28. axb4 {[%emt 0:01:24]} axb4 {[%emt 0:00:08]} 29. Ne2 {[%emt 0:00:47]} Ra5 {[%emt 0:05:28]} 30. Nc1 {[%emt 0:00:45]} Ra8 {[%emt 0:00:11]} 31. Qg5 {[%emt 0:01:38]} Qa5 {[%emt 0:02:27]} 32. Nb3 {[%emt 0:00:45]} Qa2+ {[%emt 0:01:32]} 33. Kc1 {[%emt 0:00:08]} Raf8 {[%emt 0:00:00]} 34. Qe5 {[%emt 0:02:59]} 1-0

[Event "5th EKA IIFL Investment 2019"]
[Site "Mumbai"]
[Date "2020.01.01"]
[Round "3.20"]
[White "Nitish, Belurkar"]
[Black "Rahman, Ziaur"]
[Result "1/2-1/2"]
[WhiteElo "2294"]
[BlackElo "2440"]
[Annotator "TA"]
[PlyCount "32"]
[EventDate "2019.12.30"]
[EventType "swiss"]
[EventCountry "IND"]
[SourceTitle "playchess.com"]
[Source "ChessBase"]
[SourceQuality "1"]

{[%evp 9,32,-31,-19,-26,-32,-22,-10,-125,-4,-116,-62,-64,-28,-30,-19,-51,-37,-33,0,-38,0,-706,4,0,472]} 1. e4 c5 2. d4 d5 3. e5 e6 4. dxc5 Bxc5 5. Nf3 (5. Qg4 g6 6. Nf3 Qb6 7. Qg3 Ne7 8. Bd3 Nbc6 9. c3 Nf5 10. Bxf5 exf5 11. O-O Be6 12. Nbd2 h6 13. h4 {1-0 (35) Borisenko,V (2295)-Mesheryakova,A (1508) Cheliabinsk 2019}) 5... Ne7 6. a3 $146 {C02: French: Advance Variation} ({Predecessor:} 6. Bd3 Nbc6 7. O-O Nb4 8. Be2 Bd7 9. a3 Nbc6 10. Bf4 Ng6 11. Bg3 Qc7 12. b4 Be7 13. Kh1 O-O 14. Bd3 Rac8 15. Re1 {1-0 (39) Mena,Y (1969)-Celis Vargas,W (1660) Bogota 2018}) 6... Ng6 7. Bd3 Nd7 8. O-O (8. Bxg6 $11 fxg6 9. O-O) 8... Be7 ({Black should try} 8... Ndxe5 $17 {With the idea ...Bd7.} 9. Nc3 Bd7 10. Nxe5 Nxe5) 9. b4 (9. Qe2 $11 {remains equal.}) 9... a5 ({Better is} 9... Ndxe5 $17 10. Nxe5 Nxe5) 10. Bb2 $15 O-O 11. Qd2 Nb6 12. Re1 Qc7 13. b5 Bd7 14. Bd4 Nc4 15. a4 $2 {[%mdl 8192] [#]} (15. Bxc4 $11 Qxc4 16. a4) 15... Rac8 $2 (15... Nxd2 $19 16. Nbxd2 Bc5) 16. Qc1 Nd2 $2 {[%mdl 40960] Accuracy: White = 36%, Black =  6%. . An unexpected result.} (16... f6 $11 17. Bxg6 hxg6) 1/2-1/2

[Event "5th EKA IIFL Investment 2019"]
[Site "Mumbai"]
[Date "2020.01.01"]
[Round "3.21"]
[White "Harshad, S."]
[Black "Sardana, Rishi"]
[Result "1/2-1/2"]
[WhiteElo "2291"]
[BlackElo "2428"]
[Annotator "TA"]
[PlyCount "80"]
[EventDate "2019.12.30"]
[EventType "swiss"]
[EventCountry "IND"]
[SourceTitle "playchess.com"]
[Source "ChessBase"]
[SourceQuality "1"]

{[%evp 9,80,-15,0,-6,0,-30,32,-7,26,6,12,-5,23,0,33,8,22,26,68,42,40,22,45,15,16,12,17,19,23,31,29,0,40,49,67,12,26,26,39,22,33,16,42,0,0,0,0,-59,0,0,0,0,0,0,0,0,0,0,0,0,0,0,0,0,0,0,0,1,1,0,0,0,0]} 1. e4 c5 2. Be2 Nc6 3. f4 d5 4. d3 e6 5. Nf3 Bd6 6. c3 {B21: Sicilian: 2 f4 and Morra Gambit} f6 (6... Nge7 7. O-O f6 8. Na3 O-O 9. Be3 b6 10. Nb5 Bb8 11. a4 a6 12. Na3 Bb7 13. Qe1 {1-0 (46) Kovalev,V (2649)-Moiseenko,A (2628) Riga 2019}) 7. a3 $146 ({Predecessor:} 7. Na3 Nge7 8. O-O O-O 9. Qe1 c4 10. f5 cxd3 11. Bxd3 dxe4 12. Qxe4 exf5 13. Bc4+ {0-1 (21) Graf,P (1865)-Boensch,U (2507) Bregenz 2019}) 7... a5 (7... Nh6 $11) 8. O-O {White is slightly better.} Nge7 9. g3 O-O 10. Be3 b5 11. Nbd2 Kh8 12. a4 bxa4 13. Qxa4 Bb7 14. Bf2 Qc7 15. exd5 exd5 16. d4 c4 17. b3 cxb3 $1 18. Nxb3 Bc8 19. Nc5 Nd8 20. Qc2 Nb7 {[%cal Rb7c5]} 21. Na4 Bf5 22. Bd3 ({Better is} 22. Qa2 $14) 22... Bxd3 $11 23. Qxd3 Rfb8 24. Rfb1 Nd8 {[%cal Bb7d8,Bd8f7,Bf7d6][%mdl 32]} 25. Nd2 (25. Re1 {seems wilder.} Qc8 26. Re2 Nf7 27. Nh4 Ra7 28. Rae1) 25... Qc6 26. Rxb8 (26. Rc1 {with more complications.} Qd7 27. Qe2 Qe6 28. Qh5 Qd7 29. Re1) 26... Rxb8 27. Be1 Nf7 28. Qc2 (28. Bf2 $11) 28... Bc7 (28... g5 $15) 29. Nc5 {The position is equal.} Nd6 30. Bf2 f5 31. c4 dxc4 32. Nxc4 Nxc4 33. Qxc4 Nd5 ({But not} 33... Rb2 $6 34. Qf7 $16) 34. Qa6 Qxa6 35. Nxa6 Ra8 $1 {[%cal Ra8a6]} 36. Nxc7 Nxc7 37. Ra4 Nb5 38. Be1 Kg8 39. d5 Rd8 40. Rxa5 Rxd5 {Accuracy: White = 39%, Black = 42%.} 1/2-1/2

[Event "5th EKA IIFL Investment 2019"]
[Site "Mumbai"]
[Date "2020.01.01"]
[Round "3.22"]
[White "Deshpande, Aniruddha"]
[Black "Hesham, Abdelrahman"]
[Result "0-1"]
[WhiteElo "2275"]
[BlackElo "2416"]
[Annotator "TA"]
[PlyCount "86"]
[EventDate "2019.12.30"]
[EventType "swiss"]
[EventCountry "IND"]
[SourceTitle "playchess.com"]
[Source "ChessBase"]
[SourceQuality "1"]

{[%evp 23,86,20,14,9,18,12,16,-6,-5,7,15,8,57,67,70,0,0,0,0,-23,64,9,44,69,64,47,45,-38,-43,-34,75,95,133,100,319,191,141,37,51,0,140,-264,-266,-263,-237,-262,-269,-269,-240,-486,-487,-487,-496,-579,-579,-535,-460,-454,-416,-527,-536,-695,-683,-5514,-793]} 1. c4 Nf6 2. Nf3 g6 3. g3 Bg7 4. Bg2 O-O 5. d4 c5 6. d5 e6 7. Nc3 exd5 8. cxd5 d6 9. O-O Re8 10. Re1 a6 11. a4 Nbd7 12. e4 Ng4 13. Nd2 {A63: Modern Benoni: Fianchetto Variation: 9...Nbd7} Nge5 14. Bf1 g5 15. h3 {The position is equal.} Qf6 16. Qh5 {[#]} Ng6 $146 (16... b6 {is interesting.} 17. Rb1 h6 18. Re3 Rb8 19. b3 Qg6) ({Predecessor:} 16... Bh6 17. Nd1 g4 18. Ne3 Bxe3 19. Rxe3 Qg7 20. hxg4 Nxg4 {0-1 (34) Troff,K (2532)-Nakamura,H (2798) Saint Louis 2015}) 17. Nd1 h6 18. Ne3 Qd8 19. Nec4 (19. Bg2 $14) 19... Nf6 $11 20. Qd1 b6 21. Ra3 h5 (21... Rb8 $11) 22. Bg2 ({Better is} 22. Rb3 $14) 22... h4 23. Nf1 g4 24. Bg5 {Black must now prevent hxg4.} gxh3 25. Bh1 (25. Bf3 $14) 25... hxg3 $15 26. Nxg3 {[#]} Qc7 (26... h2+ $1 $15 {[%mdl 512]} 27. Kxh2 Ne5 28. Nxe5 Rxe5) 27. Nh5 $16 Nxh5 28. Qxh5 Bd7 $2 {[#]} (28... b5 $16 29. axb5 axb5 30. Rxa8 bxc4) 29. Rg3 (29. e5 $142 $1 {[%mdl 512]}) 29... b5 $18 {[#]} 30. Ne3 ({White should play} 30. e5 $1 $16 {[%cal Re5e6][%mdl 512] And now e6! would win.} h2+ (30... dxe5 31. d6) 31. Kxh2) 30... Qa5 $14 ({Don't blunder} 30... Bxb2 $2 31. f4 $16) 31. Rd1 (31. Rf1 $1 $14) 31... Qxa4 (31... Qb4 $11) 32. Bh6 $2 {[%mdl 8192] [#]} (32. f4 $1 $16 {is forced if you want to stay better.}) 32... Re5 $1 $19 {[%cal Re5h5]} ({But not} 32... Bxb2 $2 33. Nf5 $18) 33. Bg5 {[#]} Rae8 $1 34. Rf1 {[#] Threatening f4.} Nf4 $1 {[%mdl 576] Pin} 35. Qf3 (35. Bxf4 Rxh5) 35... Rxe4 {[%mdl 64] Discovered Attack} 36. Bh6 $2 (36. Kh2 {was called for.}) 36... Ng6 37. Bxg7 Kxg7 38. Nf5+ Bxf5 39. Qxf5 Rh4 40. Bf3 Qf4 41. Qd7 Re5 {Black is clearly winning.} 42. Kh1 Rg5 43. Rfg1 h2 {Accuracy: White = 32%, Black = 42%.} 0-1

[Event "5th EKA IIFL Investment 2019"]
[Site "Mumbai"]
[Date "2020.01.01"]
[Round "3.23"]
[White "Vantika, Agrawal"]
[Black "Zysk, Robert"]
[Result "1-0"]
[WhiteElo "2287"]
[BlackElo "2403"]
[Annotator "TA"]
[PlyCount "127"]
[EventDate "2019.12.30"]
[EventType "swiss"]
[EventCountry "IND"]
[SourceTitle "playchess.com"]
[Source "ChessBase"]
[SourceQuality "1"]

{[%evp 10,127,6,2,19,14,18,8,8,8,20,8,25,22,20,0,0,-5,0,-2,19,19,20,25,27,24,16,21,33,9,29,37,59,14,17,8,13,18,17,0,0,0,0,0,0,0,0,0,0,0,0,0,0,0,0,0,0,0,0,0,0,0,0,0,106,26,77,62,84,69,77,77,346,344,337,333,328,328,318,285,312,285,289,283,249,241,583,583,547,545,29971,29972,29972,755,29972,29973,29970,29971,29977,29978,29978,29979,29981,29982,29982,29981,29983,29977,29984,29978,29982,29976,29976,29977,29979,29980,29992,29993,29996,29997]} 1. d4 Nf6 2. c4 e6 3. g3 Bb4+ 4. Nd2 d5 5. Bg2 O-O 6. Ngf3 Re8 {E01: Catalan: Early deviations} (6... b6 7. O-O Bb7 8. b3 c5 9. Bb2 Nc6 10. cxd5 exd5 11. a3 Bxd2 12. Nxd2 Nxd4 13. Bxd4 cxd4 14. Nf3 Qe7 15. Nxd4 Ne4 {½-½ (30) Giri,A (2779)-Karjakin,S (2748) Riga 2019}) 7. O-O b6 8. b3 Bb7 {The position is equal.} 9. Bb2 Nbd7 10. Rc1 Bf8 11. cxd5 $146 ({Predecessor:} 11. Ne5 Nxe5 12. dxe5 Nd7 13. Qc2 c6 14. e4 Rc8 15. Rfd1 b5 16. cxb5 cxb5 {½-½ (67) Cornette,M (2593)-Gajewski,G (2634) Chartres 2017}) 11... exd5 12. Nb1 Ne4 13. Nc3 Ndf6 14. Ne5 c5 (14... Nxc3 {with more complications.} 15. Rxc3 Ne4 16. Rc1 f6 17. Nd3 a5) 15. Nxe4 dxe4 16. dxc5 Bxc5 17. Qxd8 Raxd8 18. Rfd1 h5 19. e3 Rxd1+ 20. Rxd1 Ng4 21. Nxg4 (21. Nc4 {seems wilder.} Nf6 22. Bf1 Nd5 23. Be2 g6 24. Ne5) 21... hxg4 22. Bf1 Bc6 23. Kg2 Re7 24. Rd8+ Kh7 25. Bc4 Kg6 26. Bc3 {Black must now prevent b4.} Rd7 27. Rg8 f6 $1 28. b4 Be7 29. Be2 Rc7 {...Bd5 is the strong threat.} 30. Bxg4 Bd5 31. Rc8 Rxc8 32. Bxc8 Bxa2 $11 {[%mdl 4096] Endgame KBB-KBB} 33. g4 Bd5 34. h4 Kf7 35. Kh3 Bd6 36. h5 Be6 (36... Be7 $11) 37. Bb7 (37. Bxe6+ $16 Kxe6 38. b5) 37... f5 {[#]} (37... Be5 $1 $11 38. Bxe5 fxe5) 38. g5 $1 $16 Bc7 39. g6+ Kf8 40. b5 f4+ $2 {[%mdl 8192]} (40... Bd6 $16) 41. Kg2 $18 fxe3 42. fxe3 ({Weaker is} 42. Bxe4 exf2 43. Kxf2 Bd6 $14) 42... Bd8 43. Bxe4 Bg5 44. Kf3 Bc4 45. Bc6 Bb3 {intending ...Bd1+.} 46. Bb4+ Kg8 47. Kf2 Bh4+ $2 (47... Bd1 48. Bf3 Bb3) 48. Ke2 Bc4+ 49. Kf3 a5 50. bxa6 Bxa6 51. Bd5+ Kh8 52. e4 {White mates.} Bf6 53. Bd6 b5 54. e5 Bg5 55. e6 b4 56. Bxb4 Bb5 57. Kg4 Bf6 58. Kf4 Be2 59. Bf3 Bc4 60. e7 Bb5 61. Bd5 Ba4 62. Bf7 Bxe7 63. Bxe7 Bd1 {[#]} 64. h6 $1 {Accuracy: White = 76%, Black = 42%.} 1-0

[Event "5th EKA IIFL Investment 2019"]
[Site "Mumbai"]
[Date "2020.01.01"]
[Round "3.24"]
[White "Navalgund, Niranjan"]
[Black "Rajesh, V A V"]
[Result "1-0"]
[WhiteElo "2231"]
[BlackElo "2393"]
[Annotator "TA"]
[PlyCount "59"]
[EventDate "2019.12.30"]
[EventType "swiss"]
[EventCountry "IND"]
[SourceTitle "playchess.com"]
[Source "ChessBase"]
[SourceQuality "1"]

{[%evp 21,59,23,34,16,51,20,15,20,58,57,50,47,206,210,204,196,283,235,400,410,383,380,544,583,848,829,811,406,391,389,852,829,917,727,1096,961,1051,991,29992,29990]} 1. d4 Nf6 2. c4 g6 3. Nc3 d5 4. cxd5 Nxd5 5. e4 Nxc3 6. bxc3 Bg7 7. Bc4 c5 8. Ne2 O-O 9. O-O Nc6 10. Be3 Qc7 11. Rc1 Rd8 12. h4 {D87: Exchange Grünfeld: Classical Line: Variations without ...cxd4} e5 $146 {[%cal Re5d4]} ({Predecessor:} 12... Na5 13. Bd3 e5 14. Bg5 Re8 15. dxe5 c4 16. Bc2 Qxe5 17. Rb1 a6 18. Nd4 Qc5 19. a4 Qa3 {½-½ (43) Adhiban,B (2661)-Petrosian,T (2609) Sharjah 2018}) 13. d5 Na5 14. Bd3 {The position is equal.} c4 15. Bc2 Qe7 16. Qd2 f5 $2 {[#]} (16... b6 $14) 17. Bg5 $18 Bf6 18. f4 fxe4 (18... Bxg5 {was called for.} 19. hxg5 (19. fxg5 f4 $11) 19... fxe4) 19. Bxe4 exf4 $2 (19... Nc6 20. Qb2 Nb8) 20. Qxf4 Bxg5 21. hxg5 ({Not} 21. Qxg5 Qxg5 22. hxg5 Re8 $16) 21... Qc5+ (21... Bd7 $142 22. d6 Qg7) 22. Nd4 {[#] Qf7+ would kill now.} Bf5 23. Kh1 Qd6 24. Nxf5 gxf5 25. Qxf5 {[%csl Ge4][%cal Rf5h7]} Rd7 $2 (25... Qd7 26. Qf4 Rf8) 26. Qg4 Re7 27. Rcd1 Qe5 28. Bf5 Rg7 29. d6 Qxc3 30. d7 {Accuracy: White = 72%, Black = 20%.} 1-0

[Event "5th EKA IIFL Investment 2019"]
[Site "Mumbai"]
[Date "2020.01.01"]
[Round "3.25"]
[White "Tarini Goyal"]
[Black "Sammed Jaykumar, Shete"]
[Result "0-1"]
[WhiteElo "2098"]
[BlackElo "2381"]
[Annotator "TA"]
[PlyCount "100"]
[EventDate "2019.12.30"]
[EventType "swiss"]
[EventCountry "IND"]
[SourceTitle "playchess.com"]
[Source "ChessBase"]
[SourceQuality "1"]

{[%evp 19,100,0,0,4,12,-3,16,-17,-2,-14,22,15,21,20,38,20,23,30,60,60,57,54,54,20,65,40,43,20,20,0,26,0,6,0,0,0,0,0,0,0,0,-14,0,0,0,-16,-25,-20,-16,-27,0,-14,0,-40,-33,-71,-70,-141,-141,-141,-141,-148,-148,-345,-343,-357,-357,-357,-355,-445,-435,-680,-537,-529,-502,-397,-389,-1238,-1180,-1422,-1330,-12825,-5497]} 1. d4 Nf6 2. c4 e6 3. Nc3 Bb4 4. e3 O-O 5. Bd3 b6 6. Nf3 Bb7 7. O-O c5 8. Na4 cxd4 9. exd4 Re8 10. a3 Bf8 11. b4 {[%cal Bb2b4,Bb4b5][%mdl 32] E43: Nimzo-Indian: Rubinstein: 4...b6} g6 $146 ({Predecessor:} 11... a5 12. b5 d6 13. Bg5 Nbd7 14. Re1 h6 15. Bh4 Rc8 16. Nd2 d5 17. Bf1 Be7 18. Bg3 dxc4 19. Nxc4 {0-1 (82) Li,C (2699)-Donchenko,A (2593) chess.com INT 2019}) 12. Rb1 d6 13. c5 {The position is equal.} Nbd7 {[%cal Rb6c5]} 14. Bg5 Bc6 15. b5 Bxf3 $1 16. Qxf3 h6 17. Bxf6 $1 Nxf6 18. c6 Kg7 19. Nc3 d5 20. a4 Bd6 21. Rfe1 Nh7 {White should prevent ...Qh4.} 22. Qe3 h5 23. Bc2 Nf6 {Hoping for ...Ng4.} 24. Qf3 h4 25. Nd1 Bc7 26. Ne3 Qd6 27. g3 Rh8 28. Ng4 Nxg4 29. Qxg4 Rh6 30. Re2 Rah8 31. Qf3 Qd8 32. g4 h3 33. Qe3 Rh4 34. f3 g5 35. Rbe1 R4h6 36. Qf2 Rf6 37. Bd1 Rf4 38. Kh1 {[#]} ({White should play} 38. Rd2 $15) 38... Bd6 $1 $17 39. Rf1 {[#]} Bb4 $1 40. Rc2 Qf6 41. c7 $2 (41. Be2 $17 {might work better.}) 41... Rc8 $19 42. Rc6 Rxd4 43. Qg3 Bd2 44. Qxh3 Bf4 45. Bb3 (45. Rg1 $142) 45... Rd2 46. Rc2 Rxc7 47. Rxd2 Bxd2 48. Kg2 $2 (48. Qg2 Bf4 49. Qe2) 48... Bf4 {Threatens to win with ...Qb2+.Black is clearly winning.} 49. Rf2 Rc8 50. Kg1 {[#]} Rc1+ {Played: Bf4-e3} 0-1